| 000 | 00735nam a2200229 a 4500 | ||
|---|---|---|---|
| 999 |
_c2161 _d2161 |
||
| 001 | 2161 | ||
| 003 | BD-JhCC | ||
| 005 | 20190527134006.0 | ||
| 008 | 171030s2001 bg |||| |||| 000 0 ben d | ||
| 020 | _a9844102731 | ||
| 035 | _a(BD-JhCC)2161 | ||
| 040 |
_aBD-JhCC _dBD-JhCC |
||
| 041 | _aben | ||
| 082 |
_a891.4409 _bBAN 2001 |
||
| 245 |
_aমানিক বন্দ্যোপাধ্যায় / _cভূঁইয়া ইকবাল |
||
| 260 |
_aঢাকা : _bমাওলা ব্রাদার্স, _c২০০১. |
||
| 300 |
_a৪৩৯ পৃ. : _c২১ সেমি. |
||
| 650 | _aCollection of litarary works | ||
| 700 | _aভূঁইয়া ইকবাল | ||
| 942 |
_2ddc _cBK _01 |
||